Statistics for 25 Tallest Mountains in the United States

Click here to take the quiz!

General Stats

  • This quiz has been taken 34 times
  • The average score is 6 of 25

Answer Stats

Height in Feet (Meters)StateAnswer% Correct
20,310 (6190)AlaskaDenali
100%
14,505 (4421)CaliforniaMount Whitney
90%
14,417 (4394)WashingtonMount Rainier
87%
14,440 (4401)ColoradoMount Elbert
70%
18,009 (5489)Alaska/YukonMount Saint Elias
37%
14,428 (4398)ColoradoMount Massive
33%
14,421 (4395)ColoradoMount Harvard
30%
17,400 (5304)AlaskaMount Foraker
27%
14,573 (4442)AlaskaMount Hunter
17%
16,550 (5044)AlaskaMount Bona
10%
15,325 (4671)Alaska/British ColumbiaMount Fairweather
10%
14,951 (4557)Alaska/YukonMount Hubbard
10%
14,321 (4365)ColoradoUncompahgre Peak
10%
14,470 (4410)AlaskaUniversity Peak
10%
14,351 (4374)ColoradoBlanca Peak
7%
14,500 (4420)Alaska/YukonMount Alverstone
7%
14,831 (4520)AlaskaMount Bear
7%
14,379 (4383)CaliforniaMount Williamson
7%
14,279 (4352)ColoradoCastle Peak
3%
14,300 (4359)ColoradoCrestone Peak
3%
14,278 (4352)ColoradoGrays Peak
3%
14,343 (4372)ColoradoLa Plata Peak
3%
16,390 (4996)AlaskaMount Blackburn
3%
14,293 (4356)ColoradoMount Lincoln
3%
16,237 (4949)AlaskaMount Stanford
0%

Score Distribution

Percentile by Number Answered

Percent of People with Each Score

Your Score History

You have not taken this quiz